| 000 | 00624nam a2200181Ia 4500 | ||
|---|---|---|---|
| 005 | 20250326140539.0 | ||
| 008 | 250326s9999 xx 000 0 und d | ||
| 037 | _aTextbook | ||
| 040 |
_aFMSL _beng _cFMSL |
||
| 041 |
_aeng _2eng |
||
| 084 |
_aX9B.44r N9 (R) _qFMSL |
||
| 100 | _aSmall Industries Development Bank OF India | ||
| 245 | 0 |
_aSIDBI report on small scale industries sector 1999 _cSmall Industries Development Bank OF India |
|
| 260 |
_aLucknow _bLucknow, Small Industries Development Bank of India _c1999 |
||
| 300 | _a262p | ||
| 942 |
_cTB _hX9B.44r N9 (R) |
||
| 999 |
_c1286257 _d1286257 |
||